|
|
|
|
| LEADER |
01287cam a2200277 7i4500 |
| 001 |
0000037065 |
| 005 |
20170218090000.0 |
| 008 |
110310 eng |
| 020 |
|
|
|a 9781847875792 (hbk. ; set)
|
| 090 |
0 |
0 |
|a P96.A83
|b M38 2009
|
| 245 |
0 |
0 |
|a Media audiences
|c edited by Barrie Gunter and David Machin.
|
| 260 |
|
|
|a Los Angeles:
|b SAGE,
|c 2009.
|
| 300 |
|
|
|a 4 v.:
|b ill.;
|c 25 cm.
|
| 490 |
0 |
|
|a SAGE benchmarks in communication
|
| 504 |
|
|
|a Includes bibliographical references
|
| 505 |
0 |
0 |
|a v. 1. History of audience study -- v. 2. Measurement of audiences -- v. 3. Aggregated and disaggregated audiences -- v. 4. Audiences and influences
|
| 650 |
0 |
0 |
|a Mass media and culture --
|x Cross-cultural studies
|
| 650 |
0 |
0 |
|a Mass media --
|x Psychological aspects --
|x Cross-cultural studies
|
| 650 |
0 |
0 |
|a Mass media --
|x Audiences --
|x Cross-cultural studies
|
| 700 |
1 |
|
|a Gunter, Barrie
|
| 700 |
1 |
|
|a Machin, David
|
| 997 |
|
|
|a Communication, Visual Art & Computing, Faculty
|b Communication, Department
|
| 999 |
|
|
|a 0000046484
|b BOK
|c OPEN SHELF
|e 1st Floor, Bestari Jaya
|
| 999 |
|
|
|a 0000046485
|b BOK
|c OPEN SHELF
|e 1st Floor, Bestari Jaya
|
| 999 |
|
|
|a 0000046486
|b BOK
|c OPEN SHELF
|e 1st Floor, Bestari Jaya
|
| 999 |
|
|
|a 0000046487
|b BOK
|c OPEN SHELF
|e 1st Floor, Bestari Jaya
|